000 00905nam a2200277 i 4500
005 20220317000606.0
008 160601s2003 sp a gs 000 0 spa d
020 _a8484322939
040 _aCO-BoRNBP
_bspa
_cCO-BoRNBP
_erda
082 0 4 _a530.01
_bH18u
100 1 _aHawking, Stephen W.,
_d1942-
_eautor
245 1 3 _aEl universo en una cáscara de nuez
_cStephen Hawking ; traducción David Jou
250 _aNovena edición
264 1 _aBarcelona
_bCrítica
_c2003
300 _a216 páginas
_bilustraciones
_c21 cm
336 _atexto
_btxt
_2rdacontent
337 _asin mediación
_bn
_2rdamedia
338 _avolumen
_bnc
_2rdacarrier
650 1 4 _aCosmología
_2LEMB
650 1 4 _aUniverso
_2LEMB
650 1 4 _aAgujeros negros (Astronomía)
_2LEMB
650 1 4 _aRelatividad (Física)
_2LEMB
650 1 4 _aEspacio y tiempo
_2LEMB
700 1 _aJou, David,
_etraductor
_990803
942 _2ddc
_cBK
999 _c4497
_d4497